| 000 | 01378cam a22003614a 4500 | ||
|---|---|---|---|
| 001 | 15456686 | ||
| 003 | EG-ScBUE | ||
| 005 | 20220228110012.0 | ||
| 008 | 080918s2009 nyu f 000 1 eng d | ||
| 020 | _a1590173023 | ||
| 020 | _a9781590173022 (alk. paper) | ||
| 040 |
_aDLC _beng _erda _cDLC _dDLC _dEG-ScBUE |
||
| 041 | 1 |
_aeng _hara |
|
| 043 | _af-sj--- | ||
| 082 | 0 | 4 |
_a892.736 _222 _bSAL |
| 100 | 1 |
_aSalih, al-Tayyib, _eauthor. _924121 |
|
| 245 | 1 | 0 |
_aSeason of migration to the North / _cTayeb Salih ; translation from the Arabic by Denys Johnson-Davies ; introduction by Laila Lalami. |
| 264 | 1 |
_aNew York : _bNew York Review of Books, _c2009. |
|
| 300 |
_axx, 139 pages ; _c20 cm. |
||
| 336 |
_2rdacontent _atext _btxt |
||
| 337 |
_2rdamedia _aunmediated _bn |
||
| 338 |
_2rdacarrier _avolume _bnc |
||
| 490 | 0 | _aNew York Review Books classics | |
| 546 | _aText in English ; translated from the original Arabic. | ||
| 650 | 7 |
_aMan-woman relationships _zSudan _vFiction. _2BUEsh _935180 |
|
| 650 | 7 |
_aArabic fiction _zSudan _y21st century. _2BUEsh |
|
| 651 | 7 |
_aSudan _vFiction. _2BUEsh |
|
| 653 |
_cMay2011 _bARALIT |
||
| 655 |
_vReading book _934232 |
||
| 700 | 1 |
_aJohnson-Davies, Denys. _etranslator. _924123 |
|
| 942 |
_2ddc _cBB |
||
| 999 |
_c15398 _d15398 |
||